Identifikácia klastrov a klastrových iniciatív na Slovensku prostredníctvom lokalizačného koeficientu

Klastre, základné charakteristiky klastrov, výhody klastrovania pre podniky. Klastre a klastrové iniciatívy na Slovensku, metódy identifikácie. Analýza potenciálu jednotlivých regiónov (krajov) Slovenska pre tvorbu klastrov v oblastiach: poľnohospodárstvo, lesníctvo a rybolov, priemysel, stavebníctv...

Descripción completa

Guardado en:
Detalles Bibliográficos
Autor principal: Gajdová, Denisa, 1977-
Formato: Capítulo de libro
Lenguaje:eslovaco
Materias:
Etiquetas: Agregar Etiqueta
Sin Etiquetas, Sea el primero en etiquetar este registro!

MARC

LEADER 00000nla a2200000 4500
001 0198143
005 20240522123029.8
041 0 |a slo 
044 |a SK 
245 1 0 |a Identifikácia klastrov a klastrových iniciatív na Slovensku prostredníctvom lokalizačného koeficientu  |c Denisa Gajdová 
520 |a Klastre, základné charakteristiky klastrov, výhody klastrovania pre podniky. Klastre a klastrové iniciatívy na Slovensku, metódy identifikácie. Analýza potenciálu jednotlivých regiónov (krajov) Slovenska pre tvorbu klastrov v oblastiach: poľnohospodárstvo, lesníctvo a rybolov, priemysel, stavebníctvo. Vývoj koeficientu lokalizácie. Vhodnosť regiónov pre tvorbu a existenciu klastrov. 
610 2 0 |a klaster 
610 2 0 |a Slovensko 
610 2 0 |a rozvoj regionálny 
100 1 |a Gajdová, Denisa, 1977-